000 00322cam a2200145ua 4500
003 OSt
008 231116b |||||||| |||| 00| 0 eng d
041 _amal
082 _a894.8121
_bPKB/KE
245 _aKeralavarma Ramayanam /
250 _a1 /
260 _aCalicut :
_bP K Brothers.
300 _a447 ; .
942 _cBK
999 _c6584
_d6584